|
|
|
|
| LEADER |
00000cam a2200000 7i4500 |
| 001 |
0000003144 |
| 005 |
20230511.0 |
| 008 |
991202 nyu eng |
| 020 |
|
|
|a 047152624x (hbk)
|
| 040 |
|
|
|a INS
|
| 090 |
0 |
0 |
|a QA76.9.D3
|b .G524 1991
|
| 100 |
1 |
|
|a Gilor, Dov
|
| 245 |
1 |
0 |
|a SQL/DS performance :
|b techniques for improvement
|c Dov Gilor
|
| 260 |
|
|
|a New York :
|b John Wiley & Sons ,
|c c1991
|
| 300 |
|
|
|a xxi, 325 p. ;
|c 25 cm.
|
| 500 |
|
|
|a Includes index
|
| 650 |
|
0 |
|a Data base management
|
| 650 |
|
0 |
|a SQL/DS(Computer program)
|
| 999 |
|
|
|a 0000005033
|b BOOK
|c Open Shelf
|e Default branch
|
| 999 |
|
|
|a 0000005034
|b BOOK
|c Open Shelf
|e Default branch
|